[Event "Portugal op"]
[Site "Portugal"]
[Date "2005.05.23"]
[Round "6"]
[White "Gavieiro, Artur Manuel Carval"]
[Black "Vitorino, Luis"]
[Result "1-0"]
[WhiteElo "1753"]
[BlackElo "1881"]
[PlyCount "87"]
[EventDate "2005.05.10"]
[EventType "swiss"]
[EventRounds "7"]
[EventCountry "POR"]
[SourceTitle "CBM 106 Extra"]
[Source "ChessBase"]
[SourceDate "2005.07.01"]
[SourceVersion "1"]
[SourceVersionDate "2005.07.01"]
[SourceQuality "1"]

1. e4 c5 2. Nf3 d6 3. d4 cxd4 4. Nxd4 Nf6 5. Nc3 a6 6. Be2 e6 7. Be3 Be7 8. 0-0 Qc7 9. a4 Nc6 10. f4 Nxd4 11. Bxd4 e5 12. Be3 0-0 13. f5 Bd7 14. Qe1 Bc6 15. Bf3 Rfd8 16. Qf2 Nd7 17. Rfd1 b5 18. Nd5 Bxd5 19. Rxd5 Rdc8 20. c3 Qc4 21. axb5 axb5 22. Rdd1 Ra2 23. Rxa2 Qxa2 24. g4 h6 25. Kg2 Ra8 26. h4 Qc4 27. g5 Kh7 28. Qg3 Ra2 29. Rd2 Nc5 30. g6+ Kg8 31. gxf7+ Kxf7 32. Bxc5 dxc5 33. Qxe5 Ra1 34. Bh5+ Kg8 35. Be2 Qf7 36. Bxb5 Bxh4 37. Rd7 Qf8 38. Bc4+ Kh7 39. Qe6 Bf6 40. e5 Re1 41. Qxf6 Qa8+ 42. Kf2 Rg1 43. Kxg1 Qa1+ 44. Bf1 1-0